GÜNLÜK 3 (Record no. 1033845)
[ view plain ]
| 000 -LEADER | |
|---|---|
| sabit uzunluktaki kontrol alanı | 00233nam a2200097Ia 4500 |
| 001 - KONTROL NUMARASI | |
| kontrol alanı | 1033845 |
| 005 - EN SON İŞLEMİN TARİH VE ZAMANI | |
| kontrol alanı | 20250826231716.0 |
| 008 - SABİT-UZUNLUKTA VERİ ÖĞELERİ--GENEL BİLGİ | |
| sabit uzunluktaki kontrol alanı | 250824s9999 xx 000 0 und d |
| 245 #0 - ESER / YAZAR | |
| ESER ADI | GÜNLÜK 3 |
| Yazar Adı | ALEX HİRSCH |
| 260 ## - YAYIN, DAĞITIM, VB. | |
| YAYIN EVİ | BETA YAYINLARI |
| Düşüm durumu | Kayıp durumu | Hasar Durumu | Ödünç verilmez | Ana kütüphane | Geçerli Kütüphane | Edinilen tarih | Toplam ödünç verme sayısı | Barkod | Son görüntüleme tarihi | Son ödünç verme tarihi | Fiyatın geçerli olmaya başladığı tarih | Koha materyal türü |
|---|---|---|---|---|---|---|---|---|---|---|---|---|
| YUKARI PINARBAŞI İLK VE ORTAOKULU | YUKARI PINARBAŞI İLK VE ORTAOKULU | 24.08.2025 | 7 | 1069805 | 17.04.2026 | 03.04.2026 | 26.08.2025 | Books |